000 00280nam a2200109Ia 4500
008 200302s9999 xx 000 0 und d
100 _aAndrea Gleiniger & Othres
245 _aParis Contemporary Architecture
260 _bPrestel-Verlag, Munich
260 _c1997
300 _a158 P.,
999 _c2026
_d2026